|
|
|
|
| LEADER |
00662nam a22001931 4500 |
| 001 |
c000370054 |
| 003 |
CARM |
| 005 |
00000000000000.0 |
| 008 |
851211s1964 fr 1 fre d |
| 019 |
1 |
|
|a 4178145
|5 LACONCORD2021
|
| 035 |
|
|
|a (OCoLC)12260611
|5 LACONCORD2021
|
| 100 |
1 |
|
|a Sonkin, Francois.
|
| 245 |
1 |
3 |
|a La dame :
|b roman.
|
| 260 |
|
|
|a Paris :
|b Julliard,
|c 1964.
|
| 490 |
0 |
|
|a Les Lettres nouvelles,
|
| 852 |
8 |
|
|b CARM
|h A1:AM32B0
|i A05114
|p 0439383
|f BK
|
| 082 |
0 |
4 |
|a 843.9
|
| 999 |
f |
f |
|i fc7c7242-416e-579c-9d9a-fe595910d800
|s d782d463-311b-55be-aebe-68cd58651113
|
| 952 |
f |
f |
|p Can circulate
|a CAVAL
|b CAVAL
|c CAVAL
|d CARM 1 Store
|e A05114
|f A1:AM32B0
|h Other scheme
|i book
|m 0439383
|